000 00504nam a2200133 4500
999 _c14314
_d14314
008 190911b ||||| |||| 00| 0 eng d
082 _aDPer 050 T48 Apr-June 2016 v. 187 n. 12-24
100 _939509
_aZachareck, Stephanie.
245 _aA bizarre, bro-dacious bond can't keep Swiss army man from stranding itself/
_cStephanie Zachareck.
260 _aHong Kong:
_bTime Asia,
_cc2016.
300 _av187 n24, page 41:
_billustrations;
_c27 cm.
650 _aMotion picture plays.
_939164
942 _2ddc
_cPER